Training in municipal administraion (Record no. 500827)

000 -LEADER
fixed length control field 00524cam a22001217a 4500
008 - FIXED-LENGTH DATA ELEMENTS--GENERAL INFORMATION
fixed length control field 180718b1968 xxu||||| |||| 00| 0 eng d
082 ## - DEWEY DECIMAL CLASSIFICATION NUMBER
Classification number K5:B73 L964
245 ## - TITLE STATEMENT
Title Training in municipal administraion
Statement of responsibility, etc. by Regional Centre for Research amd Training in Municipal Administration, India
260 ## - PUBLICATION, DISTRIBUTION, ETC.
Place of publication, distribution, etc. Lucknow
Name of publisher, distributor, etc. Institute of Public Administration
Date of publication, distribution, etc. 1968
300 ## - PHYSICAL DESCRIPTION
Extent 81p.
650 ## - SUBJECT ADDED ENTRY--TOPICAL TERM
Topical term or geographic name entry element Municipal administraion --Employees --Training of --India
700 ## - ADDED ENTRY--PERSONAL NAME
Personal name India. Regional Centre for Research amd Training in Municipal Administration
Holdings
Withdrawn status Lost status Damaged status Not for loan Permanent Location Current Location Date acquired Full call number Barcode Date last seen Price effective from Koha item type
        Indian Institute of Public Administration Indian Institute of Public Administration 2018-08-04 K5:B73 L964 GR8357 2018-08-04 2018-08-04 GR

Powered by Koha